Are you managing? (Record no. 34825)

MARC details
000 -LEADER
fixed length control field 00479nam a2200145 a 4500
008 - FIXED-LENGTH DATA ELEMENTS--GENERAL INFORMATION
fixed length control field 080109s0000 ||||||||||||||||| || u
020 ## - INTERNATIONAL STANDARD BOOK NUMBER
International Standard Book Number 0852903995
050 ## - LIBRARY OF CONGRESS CALL NUMBER
Classification number HD 31 Ste
100 ## - MAIN ENTRY--PERSONAL NAME
Personal name Stemp, Peter
245 10 - TITLE STATEMENT
Title Are you managing?
260 ## - PUBLICATION, DISTRIBUTION, ETC.
Place of publication, distribution, etc. London
Name of publisher, distributor, etc. Industrial Society
Date of publication, distribution, etc. 1988
300 ## - PHYSICAL DESCRIPTION
Extent [x], 154p. : ill.
350 ## - PRICE (NR) (BK AM CF MU VM SE) [OBSOLETE]
Price 0.00
995 ## - RECOMMENDATION 995 [LOCAL, UNIMARC FRANCE]
-- 0.00
-- CBU-MAIN LIBRARY (Kitwe)
-- 1
-- 5.95
-- 1
-- DAMAGED
-- Main Library Open Access Collection
Holdings
Withdrawn status Lost status Source of classification or shelving scheme Damaged status Not for loan Home library Current library Shelving location Date acquired Total Checkouts Full call number Barcode Date last seen Price effective from Koha item type
          CBU-MAIN LIBRARY, KITWE. CBU-MAIN LIBRARY, KITWE.   11/30/2022   HD 31 Ste 003445 11/30/2022 11/30/2022 MONOGRAPH